000
00323nam a2200133Ia 4500
008
150201s2006 xx 000 0 und d
082
_a
612
_b
E06J
100
_a
JOHNSON,LEONAD R
245
_a
ESSENTIAL MEDICAL PHYSIOLOGY
250
_a
3RD
260
_b
ELSEVIER
_a
DELHI
_c
2006
650
_a
HUMAN PHYSIOLOGY
942
_2
ddc
_c
BK
999
_c
914
_d
914